MARC

LEADER 00000nam0a2200000 4500
001 249271
005 20231101232447.0
010 |a 5289002812 
035 |a (RuTPU)RU\TPU\book\271320 
090 |a 249271 
100 |a 20140203d1989 k y0rusy50 ca 
101 0 |a rus 
102 |a RU 
105 |a c z 000zb 
200 1 |a Выбор пути  |e повесть о Н. Э. Баумане  |f В. Г. Долгий 
210 |a Ленинград  |c Лениздат  |d 1989 
215 |a 384 с.  |c портр. 
225 1 |a Жизнь славных революционеров-большевиков 
600 1 |a Бауман  |b Н. Э.  |c деятель российского революционного движения  |c псевдоним Грач  |f 1873-1905  |g Николай Эрнестович  |2 stltpush  |3 (RuTPU)RU\TPU\pers\24151  |9 10680 
606 1 |a Персоналии деятелей КПСС  |x История  |2 stltpush  |3 (RuTPU)RU\TPU\subj\48642  |9 67493 
610 1 |a большевизм 
610 1 |a персоналии 
610 1 |a жизнь 
610 1 |a деятельность 
610 1 |a революционеры 
610 1 |a самодержавие 
610 1 |a история 
610 1 |a КПСС 
686 |a Ф61(2)8 Бауман  |v LBC/SL-A  |2 rubbk 
700 1 |a Долгий  |b В. Г.  |g Вольф Гитманович 
801 1 |a RU  |b 63413507  |c 20140203 
801 2 |a RU  |b 63413507  |c 20160114  |g RCR 
942 |c BK